01425nam a2200373 u 4500001000800000005001700008007001000025008004100035035001200076040001300088041000800101082000800109100004700117245008200164260003800246300001300284650004200297650005400339650002800393650002700421700005000448700004400498700004100542700004700583700004600630700005100676700005400727700003900781700005000820700003700870700004900907700004700956700004801003146372220260508091002.0co|||||||170407e20100102 spa  a1463722 ccomduadb aspa 4a30510aBejarano Mosquera, Karen Julieth4auteaut10aEtnografía del municipio de San Pedro de Urabá (Antioquia). Informe final aTurbo :b[sin publicador],c2010. a1 CD-ROM 7aUrabáz (Antioquia, Colombia)2lemb aUrabá (Antioquia) - Condiciones socioculturales aEtnografía - Colombia aMétodo etnográfico10aAbadía Mosquera, Wisthon Andrés4auteaut10aLesmes Caro, Raúl Sneydhert4auteaut10aMena Moreno, Karen Yuleysi4auteaut10aPantoja Solano, Wilfrent Elías4auteaut10aPalacios Ramírez, Maria Ledis4auteaut10aFurnieles López, Norbey de Jesús4auteaut10aJiménez Hernández, Leonardo Alberto4auteaut10aIris Blandón, Mónica4auteaut10aPeláez Restrepo, María Cristina4auteaut10aPrada Zambrano, Jeiler4auteaut10aPatiño Ramírez, Eliana Marcela4auteaut10aSánchez Garzón, Jorge Evelio4auteaut10aÁlvarez Ibáñez, Santis Otis4auteaut